| 000 | 00464nam a22001577a 4500 | ||
|---|---|---|---|
| 003 | BD-ChCU | ||
| 005 | 20260127123609.0 | ||
| 008 | 260127b bg ||||| |||| 00| 0 ben d | ||
| 040 | _cBD-ChCU | ||
| 100 |
_aSybil P. Parker. _919754 |
||
| 245 |
_aSynopsis and Classification of living organisms./ _cP.Parker . Sybil. |
||
| 260 |
_aNew York : _bMcgraw - hill , _cC 1982 |
||
| 300 | _avoi . 1&2. | ||
| 650 | 0 |
_aBiology - Classification . _919755 |
|
| 942 |
_2ddc _cBK _n0 |
||
| 999 |
_c111309 _d111309 |
||